| 000 | 01855nas a2200325 a 4500 | ||
|---|---|---|---|
| 005 | 20260529151401.0 | ||
| 007 | ta | ||
| 008 | 250210e2010 dr |u|p|r||||||0| 0 spa d | ||
| 022 | _a2221-9765 | ||
| 022 | _a2221-7946 (En línea). | ||
| 040 |
_aDO-SdBNP _cDO-SdBNP _erda |
||
| 041 | _hspa | ||
| 110 | 2 |
_aINFOTEP (Agencia) _978644 |
|
| 245 |
_aRevista Integración Tecnológica / _cInstituto Nacional de Formación Técnico Profesional (INFOTEP). |
||
| 264 |
_aSanto Domingo, República Dominicana : _bInstituto Nacional de Formación Técnico Profesional (INFOTEP), _c2010. |
||
| 300 |
_avolumen : _bilustraciones, fotografías, gráficas ; _c30.5 cm. |
||
| 310 | _aDesconocida. | ||
| 336 |
_atexto _btxt _2rdacontent |
||
| 337 |
_asin mediación _bn _2rdamedia |
||
| 338 |
_avolumen _bnc _2rdacarrier |
||
| 362 | _aNoviembre 2010. Edición Especial. | ||
| 500 | _aDescripción de la revista basada en noviembre 2010. Edición Especial. | ||
| 500 | _aLa revista Integración Tecnológica es una publicación semestral del Instituto Nacional de Formación Técnico Profesional de la República Dominicana, organismo rector del Sistema Nacional de Formación para el Trabajo Productivo. La revista publica artículos sobre temáticas relacionadas con la formación técnico-profesional, la productividad y la competitividad empresarial laboral. | ||
| 650 | 0 |
_aTecnología _925821 _vPublicaciones periódicas _zRepública Dominicana |
|
| 650 | 0 |
_aEducación técnico profesional _986947 _vPublicaciones periódicas _zRepública Dominicana |
|
| 650 | 0 |
_aCapacitación de empleados _vPublicación periódica _zRepública Dominicana _97402 |
|
| 650 | 0 |
_aEnseñanza vocacional _vPublicación periódica _zRepública Dominicana _948659 |
|
| 650 | 0 |
_aCentros de capacitación _vPublicación periódica _xRepública Dominicana _982962 |
|
| 942 |
_2ddc _cISSUE |
||
| 999 |
_c58106 _d58106 |
||